000 01313nam a2200337 i 4500
001 73124
003 Mx-PuUPA
005 20251020130721.0
008 251020s2024 mx |||grd||| 00| 0 spa d
020 _a9786071747464
040 _aMx-PuUPA
_bspa
_cMx-PuUPA
_dMx-PuUPA
_erda
041 0 _aspa
100 1 _aGonzález Carro, Miguel Ángel,
_917612
_eautor
245 1 0 _aVademécum de farmacología veterinaria en perros y gatos /
_cMiguel Ángel González Carro
250 _aCuarta edición /
_bjunio
264 1 _aCiudad de México :
_bEditorial Trillas,
_c2024
300 _a486 páginas :
_btablas ;
_c23 cm
336 _2rdacontent
_atexto
_btxt
337 _2rdamedia
_asin medio
_bn
338 _2rdacarrier
_avolumen
_bnc
500 _a"Más de 300 fármacos ordenados alfabéticamente ; Aplicación clínica ; Dosis y rutas de administración". -- Cubierta
650 7 _2armarc
_aFarmacología
_vDiccionarios
650 7 _2armarc
_aGatos
_xEnfermedades
_xTratamiento
650 7 _2armarc
_aPerros
_xEnfermedades
_xTratamiento
650 7 _2armarc
_aVeterinaria
942 _2ddc
_cLI
_h636.0895103
_iG64
999 _c73124
_d73124